000
00285nam a2200109Ia 4500
008
190914s9999||||xx |||||||||||||| ||und||
100
_a
R.Srinivasan
245
0
_a
Case Studies in Marketing the indian context
260
_a
New Jersey
_b
Thomson South
_c
1994
300
_a
244
942
_c
BK
999
_c
9456
_d
9456